[Event "37th Badalona Open A"]
[Site "Badalona ESP"]
[Date "2011.08.01"]
[Round "1"]
[White "Hernandez Carmenates,Hold"]
[Black "Tallo Dominguez,I"]
[Result "1-0"]
[WhiteElo "2570"]
[BlackElo "2176"]

1.d4 Nf6 2.c4 e6 3.Nf3 Bb4+ 4.Nc3 c5 5.e3 O-O 6.Bd3 d6 7.O-O Bxc3 8.bxc3 Nc6
9.d5 Na5 10.e4 e5 11.h3 h6 12.Nh2 Qe7 13.f4 exf4 14.Bxf4 Nd7 15.Nf3 Ne5 16.Nxe5 dxe5
17.Be3 b6 18.Qh5 Ba6 19.Rf3 Rad8 20.Rg3 f6 21.Bxh6 Rf7 22.Rf1 Bxc4 23.Rff3 Bxd3
24.Rxd3  1-0

[Event "50th World Juniors"]
[Site "Chennai IND"]
[Date "2011.08.02"]
[Round "1.41"]
[White "Herman,J"]
[Black "Udeshi,A"]
[Result "0-1"]
[WhiteElo "2105"]
[BlackElo "2378"]

1.d4 Nf6 2.c4 e6 3.Nf3 Bb4+ 4.Nc3 c5 5.a3 Bxc3+ 6.bxc3 O-O 7.Bg5 Qa5 8.Qc2 Ne4
9.Bd2 f5 10.e3 Qc7 11.Bd3 Nd6 12.O-O b6 13.Ne5 Nc6 14.Nxc6 Qxc6 15.f3 Ba6
16.d5 Qc8 17.e4 Nxc4 18.Bf4 e5 19.Qe2 fxe4 20.fxe4 exf4 21.Bxc4 Bxc4 22.Qxc4 Qe8
23.a4 d6 24.Rf2 Rf7 25.Raf1 Qe5 26.g3 Raf8 27.Rxf4 Rxf4 28.gxf4 Rxf4 29.Rxf4 Qxf4
30.Qa6 Qg4+ 31.Kf2 Qh4+ 32.Ke3 Qh3+ 33.Ke2 Qxh2+ 34.Ke3 Qh3+ 35.Ke2 Qg4+
36.Ke3 Qh3+ 37.Ke2 Qd7 38.a5 bxa5 39.Qxa5 h5 40.c4 h4 41.Qe1 Qg4+ 42.Kd2 h3
43.e5 Qg2+ 44.Kc3 h2 45.exd6 h1=Q  0-1

[Event "112th US Open"]
[Site "Orlando USA"]
[Date "2011.08.02"]
[Round "4"]
[White "Young,S"]
[Black "Van Wely,L"]
[Result "0-1"]
[WhiteElo "1907"]
[BlackElo "2683"]

1.d4 Nf6 2.c4 e6 3.Nc3 Bb4 4.Nf3 c5 5.e3 O-O 6.Bd3 d5 7.O-O cxd4 8.exd4 dxc4
9.Bxc4 b6 10.Bf4 Bb7 11.a3 Bxc3 12.bxc3 Nc6 13.Bd3 Ne7 14.Qe2 Ng6 15.Bg5 Rc8
16.Rfc1 Qd6 17.Ba6 Bxa6 18.Qxa6 Ne4 19.Bd2 Qc6 20.Qe2 Nd6 21.g3 Nc4 22.Be1 Rfd8
23.Nd2 Na5 24.Rab1 Ne7 25.Nf3 Qc4 26.Kf1 Nd5 27.Qxc4 Nxc4 28.Ne5 Nxe5 29.dxe5 Rc4
30.Ke2 g5 31.f4 gxf4 32.gxf4 Nxf4+ 33.Kf3 Rd3+ 34.Kf2 Rh3 35.Kg1 Re3 36.Bf2 Rxe5
37.Bd4 Ne2+  0-1

[Event "98th ch-GBR"]
[Site "Sheffield ENG"]
[Date "2011.08.02"]
[Round "8.9"]
[White "Buckley,G"]
[Black "Wells,P"]
[Result "0-1"]
[WhiteElo "2380"]
[BlackElo "2489"]

1.d4 Nf6 2.c4 e6 3.Nc3 Bb4 4.Nf3 c5 5.e3 O-O 6.Bd3 d5 7.O-O dxc4 8.Bxc4 Nbd7
9.a3 cxd4 10.axb4 dxc3 11.bxc3 Qc7 12.Be2 b6 13.c4 Bb7 14.Qd4 e5 15.Qh4 Rfe8
16.Bb2 Nf8 17.h3 Ng6 18.Qg3 Ne4 19.Qh2 a5 20.h4 f6 21.b5 Rad8 22.Nd4 Nf4
23.Bf3 Nd2 24.Bxb7 Nxf1 25.Rxf1 Qxb7 26.Nc6 Ne2+ 27.Kh1 Rd2 28.Ba1 Qd7 29.Qh3 Qd3
30.Qf3 Rd1 31.Rxd1 Qxd1+ 32.Kh2 e4  0-1

[Event "ITT Ciudad de Villa Martelli"]
[Site "Villa Martelli ARG"]
[Date "2011.08.02"]
[Round "2"]
[White "Fabian,G"]
[Black "Della Morte,P"]
[Result "1/2-1/2"]
[WhiteElo "2317"]
[BlackElo "2319"]

1.d4 Nf6 2.c4 e6 3.Nf3 Bb4+ 4.Nc3 b6 5.e3 Bb7 6.Bd3 O-O 7.O-O Re8 8.Bd2 d6
9.a3 Bxc3 10.Bxc3 Nbd7 11.Nd2 e5 12.d5 e4 13.Bc2 c6 14.dxc6 Bxc6 15.Nb3 Ne5
16.Nd4 Bd7 17.Nb5 Bxb5 18.cxb5 Qd7 19.a4 Rac8 20.Rc1 Rc5 21.Bxe5 Rcxe5 22.Bb3 Rg5
23.f4 exf3 24.Qxf3 Rge5 25.Rc3 d5 26.Rd1 Qe7  1/2-1/2

[Event "50th World Juniors"]
[Site "Chennai IND"]
[Date "2011.08.04"]
[Round "3.32"]
[White "Ikeda,J"]
[Black "Prince,Ba"]
[Result "1-0"]
[WhiteElo "2349"]
[BlackElo "2146"]

1.d4 Nf6 2.c4 e6 3.Nc3 Bb4 4.Nf3 c5 5.e3 O-O 6.Bd3 d5 7.O-O Nc6 8.a3 Bxc3
9.bxc3 dxc4 10.Bxc4 Qc7 11.Bb2 e5 12.Nxe5 Nxe5 13.dxe5 Qxe5 14.Be2 Be6 15.Qc2 c4
16.Rad1 Ng4 17.Bxg4 Bxg4 18.Rd4 Qh5 19.f3 Be6 20.Rfd1 b5 21.Bc1 Qc5 22.e4 a5
23.Qb2 Rac8 24.Bf4 Rfd8 25.Be3 Rxd4 26.Rxd4 Qe7 27.Bf4 Qc5 28.Be3 Qe7 29.Bc1 b4
30.axb4 axb4 31.Qxb4 Qxb4 32.cxb4 f6 33.Kf2 Ra8 34.Rd6 Kf7 35.b5 Ra1 36.Be3 Rb1
37.b6 Rb2+ 38.Kg3 Rb3 39.Bc1 Rb1 40.Ba3 Rb3 41.Bc5 c3 42.Bd4 c2 43.Rc6 Rb4
44.Be3 Bb3 45.Rc7+ Kg6 46.Kf2 Ba4 47.Ke2 Rb1 48.g4 h5 49.gxh5+ Kxh5 50.f4 g5
51.e5 Kg6 52.e6  1-0

[Event "16th Creon Open"]
[Site "Creon FRA"]
[Date "2011.08.04"]
[Round "6.18"]
[White "Remille,T"]
[Black "Navrotescu,A"]
[Result "1-0"]
[WhiteElo "2193"]
[BlackElo "1954"]

1.d4 Nf6 2.c4 e6 3.Nc3 Bb4 4.Nf3 c5 5.g3 d6 6.dxc5 Bxc3+ 7.bxc3 dxc5 8.Qxd8+ Kxd8
9.Ne5 Ke7 10.Ba3 Nbd7 11.f4 Nxe5 12.Bxc5+ Ke8 13.fxe5 Ne4 14.Ba3 b6 15.Bg2 Bb7
16.O-O-O Rb8 17.Bxe4 Bxe4 18.Rhf1 Rc8 19.Rd4 Bc6 20.Bd6 Rd8 21.Kd2 h5 22.a4 Rd7
23.Rb1 Bxa4 24.c5 b5 25.c6 Rd8 26.Rxa4 bxa4 27.Rb7 Rc8 28.Re7+  1-0

[Event "Politiken Cup"]
[Site "Helsingor DEN"]
[Date "2011.08.04"]
[Round "7.6"]
[White "Hammer,J"]
[Black "Brynell,S"]
[Result "1-0"]
[WhiteElo "2610"]
[BlackElo "2495"]

1.d4 e6 2.c4 Nf6 3.Nc3 Bb4 4.Nf3 Ne4 5.Qc2 f5 6.Nd2 O-O 7.Ndxe4 fxe4 8.Qxe4 d5
9.Qc2 dxc4 10.e3 b5 11.Bd2 a6 12.Qe4 Ra7 13.a4 c5 14.axb5 cxd4 15.exd4 Raf7
16.Bxc4 Bb7 17.Qe3 Rxf2 18.bxa6 Bxg2 19.Rg1 Nc6 20.O-O-O Qa5 21.Rxg2 Rxg2
22.Qxe6+ Kh8 23.Qxc6 Bxc3 24.bxc3 Rxh2 25.Qc5 Qa1+ 26.Kc2 Qa4+ 27.Bb3 Qe8
28.a7 h6 29.Kc1 Rhf2 30.d5 Qf7 31.Qb6 Qf3 32.Qb8 Rxd2 33.Kxd2 Qg2+ 34.Kc1 Qg5+
35.Kb2  1-0

[Event "9th ch-EU Youth U14"]
[Site "Mureck AUT"]
[Date "2011.08.05"]
[Round "3"]
[White "Meszarosova,Eva"]
[Black "Cusmuliuc,D"]
[Result "0-1"]
[WhiteElo "1542"]
[BlackElo "1695"]

1.d4 Nf6 2.c4 e6 3.Nf3 Bb4+ 4.Nc3 O-O 5.Qc2 c5 6.e3 Nc6 7.a3 Bxc3+ 8.bxc3 d6
9.Bb2 b6 10.Bd3 Ba6 11.Rd1 Qc7 12.O-O Na5 13.Nd2 Rac8 14.Rc1 h6 15.Qd1 Qb7
16.Qe2 Rc7 17.Rc2 e5 18.d5 e4 19.Nxe4 Nxe4 20.Bxe4 Bxc4 21.Bd3 Qxd5 22.Rd2 Qe6
23.Re1 Re8 24.h3 Bxd3 25.Rxd3 Nc4 26.Red1 Rd7 27.Rd5 Qe4 28.Bc1 Na5 29.Rxd6 Rxd6
30.Rxd6 Qe5 31.Rd3 c4 32.Rd4 Nb3 33.Rxc4 Nxc1 34.Qc2 Qb5 35.Rb4 Ne2+ 36.Kh1 Qa6
37.Rb2 Qxa3 38.Qxe2 Qxc3 39.Rc2 Qe5 40.Qa6 Rd8 41.Rc1 Qe7 42.Ra1 Rd7 43.Rc1 Rc7
44.Ra1 Qd6 45.Rb1 Qd2 46.Rg1 Rc1 47.Rxc1 Qxc1+ 48.Kh2 Qc7+ 49.g3 Qd7 50.Kg2 b5
51.Qa5 Qc6+ 52.Kh2 a6 53.Qd8+ Kh7 54.Qd3+ g6 55.Qd8 Qc4  0-1

[Event "50th World Juniors"]
[Site "Chennai IND"]
[Date "2011.08.06"]
[Round "5.31"]
[White "Surendran,N"]
[Black "Soors,S"]
[Result "1/2-1/2"]
[WhiteElo "2187"]
[BlackElo "2353"]

1.d4 Nf6 2.Nf3 e6 3.c4 Bb4+ 4.Nc3 Ne4 5.Qc2 f5 6.g3 b6 7.Bg2 Bb7 8.O-O O-O
9.Nd2 Nxc3 10.bxc3 Bxg2 11.Kxg2 Be7 12.e4 Nc6 13.f4 Na5 14.exf5 exf5 15.Re1 d5
16.Re5 dxc4 17.Nxc4 Nxc4 18.Qb3 Kh8 19.Qxc4 Bf6 20.Re2 Re8 21.Ba3 Rxe2+ 22.Qxe2 Qd5+
23.Qf3 Qxf3+ 24.Kxf3 Re8 25.Rd1 Kg8 26.Bc1 Kf7 27.c4 h5 28.Be3 Ke6 29.a4 Kd6
30.Rb1 Re4 31.Rd1 Kc6 32.h3 Re8 33.Rb1 Re4 34.Rd1 Re8 35.Rb1 Re4 36.Rd1  1/2-1/2

[Event "16th Creon Open"]
[Site "Creon FRA"]
[Date "2011.08.06"]
[Round "8.11"]
[White "Remille,T"]
[Black "Song,Ju"]
[Result "0-1"]
[WhiteElo "2193"]
[BlackElo "2336"]

1.d4 Nf6 2.c4 e6 3.Nc3 Bb4 4.Nf3 c5 5.g3 Bxc3+ 6.bxc3 Qa5 7.Bg2 cxd4 8.O-O dxc3
9.Nd4 O-O 10.Nb3 Qb4 11.c5 d5 12.cxd6 Rd8 13.Bf4 Nc6 14.Qc2 e5 15.Bg5 Rxd6
16.Rad1 Rxd1 17.Rxd1 Be6 18.e3 Nd7  0-1

[Event "Arad Open A"]
[Site "Arad ROU"]
[Date "2011.08.07"]
[Round "3.8"]
[White "Anton,T"]
[Black "Reinwald,P"]
[Result "1-0"]
[WhiteElo "2355"]
[BlackElo "2125"]

1.d4 Nf6 2.c4 e6 3.Nc3 Bb4 4.Nf3 b6 5.Bg5 Bb7 6.Nd2 h6 7.Bh4 c5 8.d5 Bxc3
9.bxc3 e5 10.Ne4 d6 11.Qa4+ Kf8 12.Nxf6 gxf6 13.e4 Nd7 14.Be2 Ke7 15.f4 Rg8
16.O-O exf4 17.Rxf4 Rg5 18.Bxg5 hxg5 19.Rf2 Qh8 20.Raf1 Qh4 21.h3 Qh6 22.Bg4 Ne5
23.Rxf6 Qxf6 24.Rxf6 Kxf6 25.Bf5 Ke7 26.g3 Kd8 27.h4 gxh4 28.gxh4 Kc7 29.h5 Rh8
30.h6 Rxh6 31.Qe8  1-0

[Event "50th World Juniors"]
[Site "Chennai IND"]
[Date "2011.08.07"]
[Round "6.7"]
[White "Matlakov,M"]
[Black "Vidit,S"]
[Result "1/2-1/2"]
[WhiteElo "2632"]
[BlackElo "2492"]

1.d4 Nf6 2.c4 e6 3.Nc3 Bb4 4.Nf3 d5 5.cxd5 exd5 6.Bg5 Nbd7 7.Qc2 O-O 8.a3 Bxc3+
9.Qxc3 h6 10.Bf4 c5 11.dxc5 Ne4 12.Qc2 Ndxc5 13.b4 Ne6 14.Be5 a5 15.e3 Qb6
16.Rb1 axb4 17.Rxb4 Qa5 18.Bb2 Bd7 19.Nd2 Rfc8 20.Qd3 Ba4 21.Nb3 Bxb3 22.Qxb3 d4
23.Bb5 Rd8 24.Qc2 Nd6 25.Bd3 Rac8 26.Qb1 Qg5 27.O-O dxe3 28.h4 exf2+ 29.Rxf2 Qe3
30.Kf1 Qc5 31.Qe1 Qd5 32.Rf3 Nc4 33.Bc3 b5 34.Rg3 Rc5 35.Kg1 Ne5 36.Bf5 f6
37.Re4 Nf8 38.Kh2 Kh8 39.Bxe5 fxe5 40.Qe3 Qd6 41.Reg4 Rc7 42.Qe2 Rb8 43.Re4 Re7
44.Qd3 Qc5 45.Qc3 Qd6 46.Rd3 Qf6 47.Bh3 Ng6 48.g3 Qf2+ 49.Bg2 Ree8 50.Rd6 Rbc8
51.Qe3 Qf7 52.Qe2 Nf8 53.Rxe5 Nd7 54.Rxe8+ Rxe8 55.Qxb5 Ne5 56.Rd4 h5 57.Re4 Ng4+
58.Rxg4 hxg4 59.Qg5 Re2 60.Qxg4 Qa2 61.Qf3 Rxg2+ 62.Qxg2 Qxa3 63.Qe4 Qd6
64.h5 Qf6 65.Kh3 Qf1+ 66.Kh4 Qf6+ 67.Kg4 Qf7 68.Qe5 Qd7+ 69.Kg5 Kg8 70.Qb8+ Kh7
71.Qb1+ Kg8 72.Qb8+ Kh7 73.Qf8 Qd2+ 74.Qf4 Qd8+ 75.Kg4 Qd1+ 76.Qf3 Qxf3+
77.Kxf3 Kh6 78.g4 g6 79.g5+ Kxg5 80.hxg6 Kxg6  1/2-1/2

[Event "Split Open"]
[Site "Split CRO"]
[Date "2011.08.08"]
[Round "4.28"]
[White "Glavicic,Tino"]
[Black "Susak,Z"]
[Result "0-1"]
[WhiteElo "1973"]
[BlackElo "2190"]

1.d4 Nf6 2.c4 e6 3.Nc3 Bb4 4.Nf3 O-O 5.Qb3 a5 6.Bg5 h6 7.Bh4 d6 8.a3 Bxc3+
9.Qxc3 Nbd7 10.e3 b6 11.Be2 Bb7 12.O-O Ne4 13.Qc2 Qe8 14.Nd2 f5 15.f3 Qh5
16.Bf2 Ng5 17.b4 Qg6 18.Kh1 c5 19.bxc5 dxc5 20.Bd3 e5 21.d5 Rae8 22.f4 exf4
23.exf4 Ne4 24.Bg1 Ndf6 25.Rae1 Bc8 26.Nf3 Qg4 27.g3 Qh5 28.Kg2 g5 29.fxg5 hxg5
30.h3 f4 31.h4 Qg4 32.Bxe4 Qh3+ 33.Kf2 fxg3+ 34.Ke2 Nxe4 35.Rd1 Bg4 36.Qd3 g2
37.Rf2 Nxf2+ 38.Kxf2 Qxf3+  0-1

[Event "50th World Juniors"]
[Site "Chennai IND"]
[Date "2011.08.10"]
[Round "8.35"]
[White "Abhishek,K"]
[Black "Sapozhnikov,R"]
[Result "1/2-1/2"]
[WhiteElo "2197"]
[BlackElo "2295"]

1.d4 Nf6 2.Nf3 e6 3.c4 Bb4+ 4.Nc3 c5 5.e3 O-O 6.Bd3 d5 7.O-O Nc6 8.a3 Bxc3
9.bxc3 Qc7 10.h3 dxc4 11.Bxc4 e5 12.Ba2 Bf5 13.Qe2 exd4 14.cxd4 cxd4 15.exd4 Rae8
16.Be3 Be6 17.Rac1 Qd6 18.Rfd1 Qxa3 19.Bxe6 Rxe6 20.Qb5 Qb4 21.Rb1 Qxb5 22.Rxb5 b6
23.d5 Rd6 24.Bf4 Rd7 25.d6 Rc8 26.Rc1 Rdd8 27.Rb2 Nd5 28.Bg3 f6 29.Rd2 Ncb4
30.Rcd1 Nc3 31.Re1 Nbd5 32.Nd4 Rd7 33.Rc2 a6 34.Kf1 b5 35.Ra1 Nb4 36.Rcc1 Rc4
37.Nf5 Ne4 38.Rxc4 bxc4 39.Ra4 a5 40.Rxa5 g6 41.Ne3 c3 42.Ra8+ Kf7 43.Rc8 Nd3
44.Nd5 Nxg3+ 45.fxg3 Rxd6 46.Nxc3 h5 47.Rc7+ Kf8 48.Ke2 Ne5 49.Ne4 Rb6 50.Nc5 Ke8
51.Ra7 Rb2+ 52.Ke3 Rxg2 53.Ne4 Nd7 54.Nd6+ Ke7 55.Ne4 Kd8 56.Ra6 Ke7 57.Ra7 Ke8
58.Nd6+ Ke7 59.Ne4 Rg1 60.g4 hxg4 61.hxg4 Rd1 62.Kf4 Rd5 63.g5 fxg5+ 64.Nxg5 Kf6
65.Ne4+ Ke7 66.Ng5 Rd4+ 67.Ne4 Kf8 68.Kg5 Ke8  1/2-1/2

[Event "Winsoft Cup IM1"]
[Site "Olomouc CZE"]
[Date "2011.08.11"]
[Round "9"]
[White "Furman,Bo"]
[Black "Wiley,To"]
[Result "1/2-1/2"]
[WhiteElo "2262"]
[BlackElo "2306"]

1.d4 Nf6 2.c4 e6 3.Nc3 Bb4 4.Nf3 c5 5.g3 cxd4 6.Nxd4 Ne4 7.Qd3 Bxc3+ 8.bxc3 Nc5
9.Qf3 d6 10.Bg2 Nbd7 11.O-O Ne5 12.Qf4 O-O 13.Nb3  1/2-1/2

[Event "29th World Junior Girls"]
[Site "Chennai IND"]
[Date "2011.08.12"]
[Round "10.10"]
[White "Nakhbayeva,G"]
[Black "Divyasri,C"]
[Result "1-0"]
[WhiteElo "2222"]
[BlackElo "2123"]

1.d4 Nf6 2.c4 e6 3.Nc3 Bb4 4.Nf3 c5 5.g3 O-O 6.Bg2 Ne4 7.Qd3 Bxc3+ 8.bxc3 Qa5
9.O-O f5 10.Bf4 Qxc3 11.Rac1 Qxd3 12.exd3 Nf6 13.dxc5 Nc6 14.Bd6 Re8 15.Ne5 Rd8
16.Bc7 Rf8 17.Rb1 Ne8 18.Nxc6 dxc6 19.Be5 Nf6 20.Rfd1 Rf7 21.h3 Nd7 22.Bd6 e5
23.Re1 e4 24.dxe4 fxe4 25.Rxe4 Nf6 26.Re5 g6 27.g4 a5 28.g5 Bf5 29.Rxf5 gxf5
30.gxf6 Rxf6 31.Rxb7 Re8 32.Bxc6 Rg6+ 33.Kf1 Rc8 34.Bd5+ Kh8 35.Be5+ Rg7
36.Bxg7+  1-0

[Event "50th World Juniors"]
[Site "Chennai IND"]
[Date "2011.08.13"]
[Round "11.38"]
[White "Surendran,N"]
[Black "Thavandiran,S"]
[Result "1-0"]
[WhiteElo "2187"]
[BlackElo "2320"]

1.d4 e6 2.Nf3 Nf6 3.c4 Bb4+ 4.Nc3 b6 5.g3 Ba6 6.Qb3 c5 7.a3 Ba5 8.Bg2 Nc6
9.O-O Bxc3 10.Qxc3 Rc8 11.dxc5 bxc5 12.Be3 Nd4 13.Nxd4 cxd4 14.Qxd4 Bxc4
15.Qxa7 Nd5 16.Rfc1 Nxe3 17.Qxe3 O-O 18.b3 Ba6 19.Rxc8 Qxc8 20.Rc1 Qb8 21.Bf1 f5
22.Rc3 f4 23.Qd4 fxg3 24.hxg3 Qe8 25.Qd6 Bb7 26.Bg2 Qf7 27.Qb6 Bxg2 28.Kxg2 Qh5
29.Rf3 Qd5 30.Qb4 Rxf3 31.exf3 h5 32.a4 g5 33.Qb5 Qd2 34.a5 g4 35.fxg4 hxg4
36.a6 Qd4 37.Qc4 Qd1 38.a7 Qf3+ 39.Kg1 Qd1+ 40.Kh2 Qf3 41.Qc8+ Kf7 42.a8=Q Qxf2+
43.Qg2  1-0

[Event "20th Poznan Open"]
[Site "Poznan POL"]
[Date "2011.08.13"]
[Round "8.2"]
[White "Chojnacki,K"]
[Black "Warakomski,T"]
[Result "1/2-1/2"]
[WhiteElo "2437"]
[BlackElo "2473"]

1.d4 e6 2.c4 Nf6 3.Nc3 Bb4 4.Nf3 b6 5.g3 Bb7 6.Bg2 Bxc3+ 7.bxc3 Be4 8.O-O O-O
9.Re1 d5 10.Bf1 dxc4 11.Nd2 Bc6 12.e4 b5 13.a4 a6 14.axb5 axb5 15.Rxa8 Bxa8
16.Ba3 Re8 17.Qb1 Bc6 18.Bg2 Nbd7 19.Nf1 Qa8 20.Bc1 Nb6 21.Bg5 Qa3 22.Bxf6 gxf6
23.Re3 b4 24.cxb4 c3 25.Qd3 Na4 26.d5 exd5 27.Qd4 Qb2 28.Qxf6 c2 29.Qxc6 Re6
30.Qa8+ Kg7 31.Re1 Nc3 32.Ne3 Rf6 33.Nf5+ Rxf5 34.exf5 c1=Q 35.f6+ Kxf6  1/2-1/2

[Event "XX TCh-MKD"]
[Site "Struga MKD"]
[Date "2011.08.13"]
[Round "6"]
[White "Tancev,Z"]
[Black "Koteski,D"]
[Result "1/2-1/2"]
[WhiteElo "2284"]
[BlackElo "2277"]

1.d4 e6 2.c4 Nf6 3.Nc3 Bb4 4.Nf3 O-O 5.e3 Bxc3+ 6.bxc3 d6 7.Bd3 Nbd7 8.O-O Re8
9.e4 e5 10.Re1 b6 11.Nd2 Nf8 12.d5 Ng6 13.g3 Bh3 14.Nf1 h6 15.Ne3 Nh7 16.Qh5 Bd7
17.Nf5 Nf6 18.Qd1 Qc8 19.f3 Ne7 20.g4 Nh7 21.Kh1 Ng6 22.Be3 Qd8 23.Qd2 Ng5
24.Qg2 Nf4 25.Bxf4 exf4 26.h4 Nh7 27.Qh2 Qf6 28.Nd4 g5 29.hxg5 Nxg5 30.Kg2 Kg7
31.Kf2 Rh8 32.Qh5 Rag8 33.Rh1 Kf8 34.Raf1 Qe5 35.Rh2 Nxf3 36.Nxf3 Qxc3 37.e5 Bxg4
38.Qh4 Qxd3 39.Qd8+ Kg7 40.Qf6+ Kf8 41.Qd8+ Kg7 42.Qf6+ Kf8  1/2-1/2

[Event "CECLUB Div2 Gp2"]
[Site "Totana ESP"]
[Date "2011.08.13"]
[Round "4"]
[White "Garcia Roman,D"]
[Black "Moreno Ruiz,J"]
[Result "0-1"]
[WhiteElo "2427"]
[BlackElo "2545"]

1.d4 Nf6 2.c4 e6 3.Nc3 Bb4 4.Nf3 d5 5.cxd5 exd5 6.Bg5 Nbd7 7.Rc1 c6 8.a3 Bd6
9.e3 O-O 10.Bd3 Re8 11.O-O Nf8 12.Bh4 Bg4 13.Bg3 Ne4 14.Bxd6 Qxd6 15.Be2 Ng6
16.Nxe4 dxe4 17.Nd2 Bxe2 18.Qxe2 Qe6 19.Rc5 Rad8 20.Rfc1 Rd5 21.Rxd5 Qxd5
22.Rc5 Qa2 23.Nf1 Nf8 24.h3 Nd7 25.Ra5 a6 26.Ng3 g6 27.Kh2 Re6 28.Qc2 Nf6
29.Re5 h5 30.Ne2 Rxe5 31.dxe5 Nd7 32.Qxe4 Qxb2 33.e6 Nf6 34.exf7+ Kxf7 35.Qd3 Qe5+
36.g3 b5 37.Nf4 Qe4 38.Qb3+ Nd5 39.Qb2 Nxf4 40.gxf4 a5 41.Qd2 a4 42.Qd7+ Kg8
43.Qd8+ Kg7 44.Qd7+ Kf6 45.Qd6+ Kf5 46.Qd7+ Qe6 47.e4+ Kf6 48.Qd8+ Kg7 49.Qc7+ Kf8
50.Qd8+ Kf7 51.Qc7+ Ke8 52.Qb8+ Ke7 53.Qc7+ Qd7 54.Qe5+ Kf7 55.Qh8 Qe6 56.Qh7+ Ke8
57.e5 Qf7 58.Qh6 b4 59.axb4 a3 60.e6 Qxe6 61.Qh8+ Kf7 62.Qh7+ Kf6 63.Qa7 a2
64.Qa5 Qd5 65.Qa3 Kf5 66.Kg3 Qc4 67.Qa5+ c5 68.bxc5 Qxf4+ 69.Kg2 Qe4+  0-1

[Event "10th Lichtenberger Sommer"]
[Site "Berlin GER"]
[Date "2011.08.14"]
[Round "3.6"]
[White "Wendt,J"]
[Black "Cremer,Ja"]
[Result "1-0"]
[WhiteElo "2360"]
[BlackElo "2033"]

1.Nf3 Nf6 2.c4 e6 3.Nc3 Bb4 4.d4 b6 5.Qb3 c5 6.Bf4 Nc6 7.a3 cxd4 8.axb4 dxc3
9.bxc3 O-O 10.e3 Qe7 11.Be2 h6 12.b5 Na5 13.Qb4 Qd8 14.O-O Ne4 15.c5 f5 16.Rfd1 Nb7
17.c6 Nbc5 18.Ne5 g5 19.cxd7 Bb7 20.f3 gxf4 21.fxe4 fxe3 22.Qd4 f4 23.Nc6 Bxc6
24.bxc6 Rf7 25.Bf3 a5 26.e5 Ra7 27.Qd6 Nb3 28.c7  1-0

[Event "29th World Junior Girls"]
[Site "Chennai IND"]
[Date "2011.08.14"]
[Round "12.4"]
[White "Nakhbayeva,G"]
[Black "Bulmaga,I"]
[Result "0-1"]
[WhiteElo "2222"]
[BlackElo "2293"]

1.d4 Nf6 2.c4 e6 3.Nc3 Bb4 4.Nf3 b6 5.Bg5 h6 6.Bh4 g5 7.Bg3 Ne4 8.Rc1 Bb7
9.Nd2 Bxc3 10.bxc3 Nxg3 11.hxg3 d6 12.e4 c5 13.d5 Qf6 14.Be2 Nd7 15.Qa4 O-O-O
16.Qxa7 Kc7 17.Qa4 h5 18.Qb3 h4 19.g4 Ra8 20.a4 Qf4 21.Ra1 Ra5 22.Qd1 Rha8
23.O-O Ne5 24.Ra2 Bc8 25.Nf3 Nxg4 26.e5 dxe5 27.Qd2 Rxa4 28.d6+ Kd7 29.Qxf4 gxf4
30.Rxa4 Rxa4 31.Nxh4 Nh6 32.Rb1 Ra6 33.Rd1 e4 34.Bh5 Bb7 35.g4 fxg3 36.fxg3 Ra3
37.g4 Rxc3 38.Kh2 e3 39.g5 Rxc4 40.Kh3 Nf5 41.Nxf5 exf5 42.Bxf7 Rg4 43.Be6+ Kd8
44.Bxf5 Rxg5 45.Be6 e2 46.Re1 Rg6 47.Bf5 Bc8 48.Rh1  0-1

[Event "XX TCh-MKD"]
[Site "Struga MKD"]
[Date "2011.08.14"]
[Round "7"]
[White "Georgiev,Vl"]
[Black "Damljanovic,B"]
[Result "1-0"]
[WhiteElo "2559"]
[BlackElo "2611"]

1.d4 Nf6 2.c4 e6 3.Nc3 Bb4 4.Nf3 b6 5.e3 Ne4 6.Qc2 Bb7 7.Bd3 f5 8.O-O Bxc3
9.bxc3 c5 10.Nd2 Qh4 11.f4 Nxd2 12.Bxd2 Nc6 13.dxc5 bxc5 14.Rab1 Nd8 15.e4 fxe4
16.Bxe4 Bxe4 17.Qxe4 Rc8 18.Rf3 g6 19.Qd3 Qf6 20.f5 gxf5 21.Bf4 Rg8 22.Rd1 Qe7
23.Qe2 Nf7 24.Rfd3 Rg4 25.Qd2 Rd8 26.Bc7 Rc8 27.Rxd7 Qg5 28.Qd3 Rxg2+ 29.Kh1 Rg4
30.Rxf7 Kxf7 31.Qd7+ Qe7 32.Qxc8 Rg8 33.Bd8 Qe8 34.Qc7+ Kg6 35.Rg1+ Kh6 36.Qf4+  1-0

[Event "Botvinnik 100th Open"]
[Site "St Petersburg RUS"]
[Date "2011.08.15"]
[Round "4"]
[White "Bulanov,D"]
[Black "Opanasenko,Mikhail"]
[Result "1/2-1/2"]
[WhiteElo "2379"]
[BlackElo "2017"]

1.d4 Nf6 2.c4 e6 3.Nc3 Bb4 4.Nf3 b6 5.Bg5 h6 6.Bh4 g5 7.Bg3 Ne4 8.Qc2 Bb7
9.e3 Bxc3+ 10.bxc3 d6 11.Bd3 f5 12.O-O-O Nd7 13.d5 Ndc5 14.Nd4 Qf6 15.f3 Nxd3+
16.Qxd3 Nc5 17.Qc2 O-O-O 18.Bf2 Rhf8 19.Nb3 Ba6 20.Nxc5 dxc5 21.Qb3 Bb7 22.Rhe1 Qf7
23.Qa4 Kb8 24.Rd3 exd5 25.Red1 c6 26.e4 fxe4 27.Bg3+ Ka8 28.fxe4 d4 29.cxd4 cxd4
30.Rxd4 Rxd4 31.Rxd4 c5 32.Rd2 Bxe4 33.Rf2 Qg8 34.Rxf8+ Qxf8 35.Qd7 Bxg2
36.Kd2 Bb7 37.a4 Qh8 38.a5 bxa5 39.Qd6 Qb2+ 40.Ke3 Qc3+ 41.Qd3 Qxd3+ 42.Kxd3 Bg2
43.Bd6 Bf1+ 44.Kc3 Kb7 45.Bxc5 a6 46.Bd6 Kc6 47.c5 a4 48.Kb4 Bb5 49.Ka3 h5
50.Kb2 Kd5 51.Ka1 Ke4 52.c6 Bxc6 53.Bc7  1/2-1/2

[Event "10th Lichtenberger Sommer"]
[Site "Berlin GER"]
[Date "2011.08.19"]
[Round "7.51"]
[White "Lehmann,Patricia"]
[Black "Hoppensack,M"]
[Result "0-1"]
[WhiteElo "1601"]
[BlackElo "2058"]

1.d4 e6 2.c4 Nf6 3.Nf3 Bb4+ 4.Nc3 b6 5.g3 Bb7 6.Bg2 O-O 7.O-O d5 8.cxd5 Nxd5
9.Qc2 Nf6 10.Bg5 Nbd7 11.Ne5 Bxg2 12.Kxg2 Nxe5 13.dxe5 Bxc3 14.Rad1 Bd4 15.Qc4 Qd5+
16.Qxd5 Nxd5 17.Rxd4 c5 18.Rdd1 f6 19.exf6 gxf6 20.Bh6 Rfd8 21.a3 Ne7 22.Bf4 e5
23.Bc1 Nc6 24.f4 e4 25.e3 Rxd1 26.Rxd1 Rd8 27.Rxd8+ Nxd8 28.b4 c4 29.Bb2 Kf7
30.Kh3 Nc6 31.Kg4 Ne7 32.f5 Nd5 33.Bc1 Nc3 34.Bb2 Ne2 35.h4 c3 36.Bxc3 Nxc3
37.Kf4 a5 38.g4 h6 39.g5 fxg5+ 40.hxg5 hxg5+ 41.Kxg5 a4 42.f6 Nd5 43.Kf5 Nxf6
44.Ke5 Ke7 45.Kf5 Nd5 46.Kxe4 Nxb4 47.Kd4 Nc2+ 48.Kc3 Nxa3 49.Kb4 b5 50.Kxa3 Ke6
51.Kb4 Ke5 52.Ka3 Ke4 53.Kb4 Kxe3 54.Ka3 Kd2 55.Kb4 Kc2 56.Ka3 Kc3  0-1

[Event "26th Universiade Men"]
[Site "Shenzhen CHN"]
[Date "2011.08.19"]
[Round "8"]
[White "Markos,J"]
[Black "Benidze,D"]
[Result "0-1"]
[WhiteElo "2585"]
[BlackElo "2514"]

1.d4 e6 2.c4 Bb4+ 3.Nc3 Nf6 4.Nf3 b6 5.Bg5 Bb7 6.Qc2 h6 7.Bh4 g5 8.Bg3 Ne4
9.Nd2 Bxc3 10.bxc3 Nxg3 11.hxg3 d6 12.e3 Nd7 13.Rh2 Qe7 14.Be2 Nf6 15.g4 O-O-O
16.O-O-O Kb8 17.Rdh1 Qf8 18.Bf3 d5 19.cxd5 Nxd5 20.Ne4 Qg7 21.Qb3 f5 22.Ng3 fxg4
23.Bxg4 Rhf8 24.Qc2 c5 25.Rxh6 cxd4 26.Rh7 Qg8 27.Qe4 Rfe8 28.c4 Qf8 29.Rxb7+ Kxb7
30.cxd5 Rxd5 31.Bd1 Qxf2 32.Bb3 Rc8+ 33.Kb1 Qxg3 34.exd4 Qd6 35.Rh7+ Rc7
36.Rh6 Qf8 37.Bxd5+ exd5 38.Qxd5+ Ka6 39.Rh1 Qb4+ 40.Qb3 Qxd4 41.Rd1 Qe4+
42.Qd3+ Rc4 43.Qxe4 Rxe4 44.Rd5 Re1+ 45.Kc2 Re2+ 46.Kb3 Rxg2 47.a4 Rg3+ 48.Kb4 Rg1
49.Rd7 Rf1 50.Rd5 Rf4+ 51.Kb3 g4 52.Rg5 Kb7 53.Rg7+ Ka6 54.Ka3 b5 55.axb5+ Kxb5
56.Rxa7 Kc5 57.Kb2 Kd4 58.Ra3 Ke5 59.Kc2 Rd4 60.Ra8  0-1

[Event "10th Lichtenberger Sommer"]
[Site "Berlin GER"]
[Date "2011.08.20"]
[Round "8.39"]
[White "Jaeger,A"]
[Black "Junge,Wolfgang"]
[Result "1-0"]
[WhiteElo "2044"]
[BlackElo "1776"]

1.d4 Nf6 2.c4 e6 3.Nc3 Bb4 4.Nf3 O-O 5.Qb3 Bxc3+ 6.Qxc3 d5 7.Bg5 Nbd7 8.cxd5 exd5
9.e3 c6 10.Bd3 Re8 11.O-O Qe7 12.b4 Ne4 13.Bxe7 Nxc3 14.Bh4 a6 15.Rfc1 Na4
16.Rc2 f6 17.Nd2 Nf8 18.Nb3 Ne6 19.Bg3 g6 20.f3 Rd8 21.Bf2 f5 22.Bg3 Ng5
23.Bh4 h6 24.f4 Nf7 25.Bxd8 Nxd8 26.Kf2 Kg7 27.h3 h5 28.Nd2 Nf7 29.Be2 Nd6
30.Rg1 Kf6 31.g4 hxg4 32.hxg4 Be6 33.g5+ Kg7 34.Rh1 Rh8 35.Rxh8 Kxh8 36.Bxa6  1-0

[Event "Malaysian Open"]
[Site "Kuala Lumpur MAS"]
[Date "2011.08.20"]
[Round "5.21"]
[White "Li,P"]
[Black "Ikeda,J"]
[Result "0-1"]
[WhiteElo "2135"]
[BlackElo "2349"]

1.d4 Nf6 2.c4 e6 3.Nc3 Bb4 4.Nf3 b6 5.e3 Bb7 6.Bd3 Ne4 7.Qc2 f5 8.O-O Bxc3
9.bxc3 O-O 10.Nd2 Qh4 11.f3 Nxd2 12.Bxd2 d6 13.Rab1 Nd7 14.Be1 Qg5 15.Qe2 Rae8
16.e4 fxe4 17.Bxe4 Bxe4 18.Qxe4 Qf5 19.Bg3 Qxe4 20.fxe4 Rxf1+ 21.Rxf1 e5
22.Re1 h6 23.Kf2 Kf7 24.Ke3 Nf6 25.Kd3 Ke6 26.Rf1 g6 27.Rf3 Nh7 28.Bh4 g5
29.Bg3 Rf8 30.Rxf8 Nxf8 31.Bf2 Ng6 32.g3 g4 33.Be3 h5 34.Bg5 Kd7 35.Bf6 Ke6
36.Bd8 exd4 37.cxd4 c5 38.d5+ Kf7 39.Bg5 Ne5+ 40.Kc3 Nf3 41.Bf4 Ke7 42.Kd3 Kd7
43.Ke3 Nxh2 44.e5 dxe5 45.Bxe5 Nf3 46.Bc3 Kd6 47.Kf4 b5 48.cxb5 Kxd5 49.a4 Kc4
50.Ba5 Kb3 51.b6 axb6 52.Bxb6 Kb4 53.a5 Kb5 54.Kf5 c4 55.Kg6 h4 56.gxh4 c3
57.h5 c2 58.Be3 Nh4+ 59.Kg5 g3  0-1

[Event "Manhattan Open"]
[Site "New York USA"]
[Date "2011.08.20"]
[Round "7"]
[White "Bartholomew,J"]
[Black "De Firmian,N"]
[Result "1-0"]
[WhiteElo "2442"]
[BlackElo "2522"]

1.d4 Nf6 2.c4 e6 3.Nc3 Bb4 4.Nf3 c5 5.g3 Qa5 6.Qd3 Nc6 7.dxc5 Qxc5 8.Be3 Qa5
9.Bg2 Ne4 10.Qxe4 Bxc3+ 11.Bd2 Bxd2+ 12.Nxd2 O-O 13.Qc2 d5 14.O-O d4 15.Bxc6 bxc6
16.Nb3 Qe5 17.f4 Qh5 18.Qe4 Rb8 19.Qxd4 Qxe2 20.Rf2 Qg4 21.Qxa7 Rb7 22.Qc5 Rd7
23.Kg2 e5 24.h3 Qe6 25.f5 Qf6 26.Re1 Re8 27.Nd2 h5 28.Ne4 Qd8 29.Qe3 Rd4
30.f6 Rxe4 31.Qxe4 gxf6 32.Kh2 f5 33.Qxc6 e4 34.Rd1 Qe7 35.Qd6 Qa7 36.Qf4 Qxa2
37.Qg5+ Kf8 38.Rd8 Be6 39.Rfd2 Qa5 40.Qh6+ Ke7 41.R8d7+  1-0